Vplyv kombinácie zmesi ochranných plynov na kvalitu zvarových spojov v energetike : Diplomová práca

Salvato in:
Dettagli Bibliografici
Autore principale: Červenák, Roman (Autore)
Altri autori: Stano, Daniel (xxx)
Natura: Manoscritto Libro
Lingua:slovacco
Pubblicazione: Trnava : SVŠT v Bratislave StF KZZaPM, 1989
Soggetti:
Tags: Aggiungi Tag
Nessun Tag, puoi essere il primo ad aggiungerne!!

MARC

LEADER 00000ntm a22000003a 4500
001 stu92201
005 20160719162642.3
008 050107s1989----cs------------------slo-d
040 |a STU  |b slo 
041 0 |a slo 
044 |a cs 
100 1 |a Červenák, Roman  |4 aut 
245 1 |a Vplyv kombinácie zmesi ochranných plynov na kvalitu zvarových spojov v energetike :  |b Diplomová práca 
260 |a Trnava :  |b SVŠT v Bratislave StF KZZaPM,  |c 1989 
300 |a 60 s 
650 7 |a strojárska technológia  |2 stusub 
650 7 |a zvarové spoje  |2 stusub 
700 1 |a Stano, Daniel  |4 xxx 
996 |b 284M042996  |c M*DP-2600  |l MMSKP  |s P  |a 0  |w stu92201_0001